000 00807nam a22002417a 4500
001 22221
003 UA-OsUOA
005 20210916093707.0
007 ta
008 20031217b un ||||| |||| 00| 0 ukr d
020 _a5-691-00604=5
040 _aUA-OsUOA
_brus
_cUA-OsUOA
_dUA-OsUOA
041 _arus
044 _aRU
080 _a1(091)
090 _a1(091)
_bХ91
245 _aХрестоматия по истории философии. От Шопенгауэра до Дерриды
_cред. Л. А. Микешина
_pЗападная философия. Вторая половина XIX- начало XX века. ХХ век. На пороге ХХI век
_nч. 2
260 _aМосква
_bВладос
_c2001
300 _a528 с.
650 7 _2UDC
942 _cBK
_2udc
955 _a0
999 _c308437
_d308437